Corona literaria dedicada a Santo Tomás de Aquino por la Real y Pontificia Universidad de Manila el día 7 de marzo de 1881 con motivo de haber sido declarado Patrono de las Escuelas Católicas por Su Santidad Leon XIII. (Record no. 180793)

MARC details
000 -LEADER
campo de control de longitud fija 01043nam a2200229 i 4500
001 - NÚMERO DE CONTROL
campo de control 180793
003 - IDENTIFICADOR DE NÚMERO DE CONTROL
campo de control ES-MaACL
005 - FECHA Y HORA DE LA ÚLTIMA TRANSACCIÓN
campo de control 20250804012218.0
008 - DATOS DE LONGITUD FIJA--INFORMACIÓN GENERAL
campo de control de longitud fija 120713s1881 phl |||| | spa d
080 ## - NÚMERO DE LA CLASIFICACIÓN DECIMAL UNIVERSAL
Número de la Clasificación Decimal Universal 23 Tomás de Aquino, Santo
080 ## - NÚMERO DE LA CLASIFICACIÓN DECIMAL UNIVERSAL
Número de la Clasificación Decimal Universal 929 Tomás de Aquino, Santo (0:82)
080 ## - NÚMERO DE LA CLASIFICACIÓN DECIMAL UNIVERSAL
Número de la Clasificación Decimal Universal 821.134.2-14"18"(082.2)
245 00 - MENCIÓN DEL TÍTULO
Título Corona literaria dedicada a Santo Tomás de Aquino por la Real y Pontificia Universidad de Manila el día 7 de marzo de 1881 con motivo de haber sido declarado Patrono de las Escuelas Católicas por Su Santidad Leon XIII.
260 ## - PUBLICACIÓN, DISTRIBUCIÓN, ETC.
Lugar de publicación, distribución, etc. [S.l.] :
Nombre del editor, distribuidor, etc. [s.n.],
Fecha de publicación, distribución, etc. 1881 (
Lugar de fabricación/manufactura Manila :
Fabricante Estab. Tip. del Colegio de Sto. Tomás)
300 ## - DESCRIPCIÓN FÍSICA
Extensión 138 p. ;
Dimensiones 26 cm.
530 ## - NOTA DISPONIBLE DE FORMULARIO FÍSICO ADICIONAL
Nota de formato físico adicional disponible Disponible también en sitio web.
600 04 - PUNTO DE ACCESO ADICIONAL DE MATERIA--NOMBRE DE PERSONA
Nombre de persona Tomás de Aquino,
Títulos y otros términos asociados al nombre Santo
9 (RLIN) 110514
650 #4 - PUNTO DE ACCESO ADICIONAL DE MATERIA--TÉRMINO DE MATERIA
Término de materia o nombre geográfico como elemento de entrada Poesías filipinas (Español)
9 (RLIN) 150959
852 ## - LOCALIZACIÓN
Ubicación ES-MaACL
Número de control de estantería T-789-F-4
856 41 - LOCALIZACIÓN Y ACCESO ELECTRÓNICOS
Identificador Uniforme de Recursos <a href="http://bibliotecadigitalhispanica.bne.es:80/webclient/DeliveryManager?pid=3040959&custom_att_2=simple_viewer">http://bibliotecadigitalhispanica.bne.es:80/webclient/DeliveryManager?pid=3040959&custom_att_2=simple_viewer</a>
Nota pública Ir a la página
Holdings
Estatus retirado Estado de pérdida Estado de daño No para préstamo Colección Biblioteca de origen Biblioteca actual Ubicación en estantería Fecha de adquisición Fuente de adquisición Total de préstamos Signatura topográfica completa Código de barras Visto por última vez Precio de reemplazo Tipo de ítem Koha
        Colección de folletos Biblioteca del Ateneo de Madrid Biblioteca del Ateneo de Madrid Depósito folletos 13/07/2012     T-789-F-4 1189985 23/02/2023 23/02/2023 Folleto